Bullae and seals from a post-exilic Judean archive
| Subtitles: | Bullōt we-ḥt̄āmōt mittōk arkījōn mamlaktī mīmē šibat Ṣījōn Būllōt we-ḥōtāmōt mitōk arekjōn mamlaktı̄ mı̄mē šibat Ṣiōn |
|---|---|
| Main Author: | |
| Format: | Print Book |
| Language: | English Hebrew |
| Subito Delivery Service: | Order now. |
| Check availability: | HBZ Gateway |
| WorldCat: | WorldCat |
| Interlibrary Loan: | Interlibrary Loan for the Fachinformationsdienste (Specialized Information Services in Germany) |
| Published: |
[Jerusalem]
Institute of Archaeology, Hebrew University
1976
|
| In: |
Qedem (4)
Year: 1976 |
| Reviews: | Nahman Avigad, Bullae and Seals from a Post-Exilic Judean Archive. (Monographs of the Institute of Archaeology, The Hebrew University of Jerusalem) (1977) (Lemaire, André)
|
| Series/Journal: | Qedem
4 |
| Further subjects: | B
Inscriptions, Hebrew
Palestine
|
MARC
| LEADER | 00000cam a2200000 c 4500 | ||
|---|---|---|---|
| 001 | 1096412578 | ||
| 003 | DE-627 | ||
| 005 | 20251224220707.0 | ||
| 007 | tu | ||
| 008 | 911121s1976 is ||||| 00| ||eng c | ||
| 035 | |a (DE-627)1096412578 | ||
| 035 | |a (DE-576)026412578 | ||
| 035 | |a (DE-599)BSZ026412578 | ||
| 035 | |a (OCoLC)246178198 | ||
| 040 | |a DE-627 |b ger |c DE-627 |e rakwb | ||
| 041 | |a eng |a heb | ||
| 044 | |c XB-IL | ||
| 050 | 0 | |a PJ5034.8.P3 | |
| 082 | 0 | |a 737 | |
| 082 | 0 | |a 933 | |
| 084 | |a 6,22 |a 9,10 |a 1 |2 ssgn | ||
| 084 | |a BC 8759 |2 rvk |0 (DE-625)rvk/9788: | ||
| 084 | |a 18.75 |2 bkl | ||
| 084 | |a 17.98 |2 bkl | ||
| 245 | 0 | 0 | |a Bullae and seals from a post-exilic Judean archive |c Nahman Avigad. English translation, R. Grafman |
| 246 | 1 | |i Parallelt. |a Būllōt we-ḥōtāmōt mitōk arekjōn mamlaktı̄ mı̄mē šibat Ṣiōn | |
| 246 | 3 | 3 | |a Bullōt we-ḥt̄āmōt mittōk arkījōn mamlaktī mīmē šibat Ṣījōn |
| 264 | 1 | |a [Jerusalem] |b Institute of Archaeology, Hebrew University |c 1976 | |
| 300 | |a 36, 32 S., [16] S. Tafeln |b Ill. | ||
| 336 | |a Text |b txt |2 rdacontent | ||
| 337 | |a ohne Hilfsmittel zu benutzen |b n |2 rdamedia | ||
| 338 | |a Band |b nc |2 rdacarrier | ||
| 490 | 1 | |a Qedem |v 4 | |
| 500 | |a Text in English and Hebrew. - Includes bibliographical references | ||
| 583 | 1 | |a Archivierung/Langzeitarchivierung gewährleistet |f SSG |x XA-DE-BW |2 pdager |5 DE-21 | |
| 583 | 1 | |a Archivierung/Langzeitarchivierung gewährleistet |f SSG |x XA-DE-BW |2 pdager |5 DE-16 | |
| 583 | 1 | |a Archivierung prüfen |c 20240324 |f DE-4165 |z 1 |2 pdager | |
| 650 | 0 | |a Inscriptions, Hebrew |x Palestine | |
| 700 | 1 | |e Bearb. |0 (DE-588)11905373X |0 (DE-627)079843786 |0 (DE-576)160128544 |4 adp |a Avîgād, Naḥmān |d 1905-1992 | |
| 787 | 0 | 8 | |i Rezensiert in |a Lemaire, André |t Nahman Avigad, Bullae and Seals from a Post-Exilic Judean Archive. (Monographs of the Institute of Archaeology, The Hebrew University of Jerusalem) |d 1977 |w (DE-627)1806020343 |
| 830 | 0 | |a Qedem |v 4 |9 4 |w (DE-627)166450154 |w (DE-576)006904068 |w (DE-600)193697-9 |x 0333-5844 |7 am | |
| 889 | |w (DE-627)253910013 | ||
| 935 | |a mteo | ||
| 935 | |i mdedup | ||
| 936 | r | v | |a BC 8759 |b Sonstige |k Theologie und Religionswissenschaften |k Bibelwissenschaft |k Israel und das biblische Palästina |k Biblische Archäologie |k Ausgrabungsberichte |k Sonstige |0 (DE-627)1270713981 |0 (DE-625)rvk/9788: |0 (DE-576)200713981 |
| 936 | b | k | |a 18.75 |j Hebräische Sprache und Literatur |0 (DE-627)106417886 |
| 936 | b | k | |a 17.98 |j Textsammlungen |0 (DE-627)106404547 |
| 951 | |a BO | ||
| BIB | |a 1 | ||
| ELC | |b 1 | ||
| ITA | |a 1 |t 1 | ||
| LOK | |0 000 xxxxxcx a22 zn 4500 | ||
| LOK | |0 001 2175766810 | ||
| LOK | |0 003 DE-627 | ||
| LOK | |0 004 1096412578 | ||
| LOK | |0 005 20120113185613 | ||
| LOK | |0 008 970304||||||||||||||||ger||||||| | ||
| LOK | |0 040 |a DE-21 |c DE-627 |d DE-21 | ||
| LOK | |0 852 |a DE-21 | ||
| LOK | |0 852 1 |c 16 B 1127 |9 00 | ||
| LOK | |0 935 |a konv |a alto | ||
| LOK | |0 936ln |a t16.4 | ||
| LOK | |0 939 |a 04-03-97 |b l01 | ||
| LOK | |0 000 xxxxxcx a22 zn 4500 | ||
| LOK | |0 001 2175766837 | ||
| LOK | |0 003 DE-627 | ||
| LOK | |0 004 1096412578 | ||
| LOK | |0 005 20100408044802 | ||
| LOK | |0 008 000224||||||||||||||||ger||||||| | ||
| LOK | |0 040 |a DE-21-31 |c DE-627 |d DE-21-31 | ||
| LOK | |0 541 |e 138/77 (BAI) | ||
| LOK | |0 852 |a DE-21-31 | ||
| LOK | |0 852 1 |c Lm VIII 30 |m p |9 00 | ||
| LOK | |0 938 |k p | ||
| LOK | |0 939 |a 24-02-00 |b l01 | ||
| ORI | |a SA-MARC-ixtheoa001.raw | ||
| REL | |a 1 | ||
| SUB | |a BIB |a REL | ||